000 00538nam a2200193Ia 4500
003 GCL
008 140319s9999 xx 000 0 eng d
040 _aGCL /
_cGCL
082 0 4 _a373.1
_bM S
100 1 _aMOORE, KENNETH D.
245 1 0 _aSecondary Instructional Methods /
_cMOORE, KENNETH D.
700 1 _aQUINN, CHERI
260 _a[S.N] :
_bWM. C. BROWIN COMMUNICATIONS, INC ،
_c1994
300 _a490 P
650 0 4 _aCURRICULUM EVALUTION
650 0 4 _aCURRICULUM PLANNING
650 0 4 _aHIGH SCHOOL TEACHING
942 _2ddc
_cBK
999 _c16516
_d16516